[Event "Reykjavik Open 2025"]
[Site "Reykjavik, Iceland"]
[Date "2025.04.10"]
[Round "3.20"]
[White "Jonsson, Johann"]
[Black "Lacroix, Romain"]
[Result "0-1"]
[WhiteElo "1890"]
[BlackElo "2101"]
[PlyCount "64"]
[EventDate "2025.??.??"]
[TimeControl "90+30"]
[WhiteClock "0:05:02"]
[BlackClock "0:07:23"]

1. d4 {[%emt 0:00:00]} Nf6 {[%emt 0:00:00]} 2. Nf3 {[%emt 0:00:00]} e6 {
[%emt 0:00:00]} 3. Bf4 {[%emt 0:00:00]} c5 {[%emt 0:00:00]} 4. e3 {[%emt 0:00:
00]} Nc6 {[%emt 0:00:00]} 5. c3 {[%emt 0:00:00]} d5 {[%emt 0:00:00]} 6. Bd3 {
[%emt 0:00:00]} Bd6 {[%emt 0:00:00]} 7. Bg3 {[%emt 0:00:00]} O-O {[%emt 0:00:
00]} 8. O-O {[%emt 0:00:00]} b6 {[%emt 0:00:00]} 9. Re1 {[%emt 0:00:00]} Bb7 {
[%emt 0:00:00]} 10. Nbd2 {[%emt 0:00:00]} Ne7 {[%emt 0:00:00]} 11. e4 {[%emt 0:
00:00]} dxe4 {[%emt 0:00:00]} 12. Nxe4 {[%emt 0:00:00]} Nxe4 {[%emt 0:00:00]}
13. Bxe4 {[%emt 0:00:00]} Bxe4 {[%emt 0:00:00]} 14. Rxe4 {[%emt 0:00:00]} Nf5 {
[%emt 0:00:00]} 15. Bxd6 {[%emt 0:00:00]} Qxd6 {[%emt 0:00:00]} 16. Qe2 {
[%emt 0:00:00]} Rfd8 {[%emt 0:00:00]} 17. dxc5 {[%emt 0:00:00]} Qxc5 {[%emt 0:
00:00]} 18. Qc4 {[%emt 0:00:00]} Qe7 {[%emt 0:00:00]} 19. Ree1 {[%emt 0:00:00]}
Rac8 {[%emt 0:00:00]} 20. Qa4 {[%emt 0:00:00]} h5 {[%emt 0:00:00]} 21. Rad1 {
[%emt 0:00:00]} g5 {[%emt 0:00:00]} 22. Qe4 {[%emt 0:00:00]} Qf6 {[%emt 0:00:
00]} 23. h3 {[%emt 0:00:00]} Kg7 {[%emt 0:00:00]} 24. Ne5 {[%emt 0:00:00]} Rc7
{[%emt 0:00:00]} 25. Qe2 {[%emt 0:00:00]} Kh6 {[%emt 0:00:00]} 26. g4 {[%emt 0:
00:00]} Rxd1 {[%emt 0:00:00]} 27. Qxd1 {[%emt 0:00:00]} Nh4 {[%emt 0:01:29]}
28. gxh5 {[%emt 0:00:00]} Kg7 {[%emt 0:02:32]} 29. Ng4 {[%emt 0:03:41]} Qf4 {
[%emt 0:02:33]} 30. Re3 {[%emt 0:03:08]} Rc5 {[%emt 0:01:13]} 31. h6+ {[%emt 0:
03:28]} Kh7 {[%emt 0:01:01]} 32. Qd7 {[%emt 0:02:11]} Rd5 {[%emt 0:01:19]} 0-1

[Event "Reykjavik Open 2025"]
[Site "Reykjavik, Iceland"]
[Date "2025.04.10"]
[Round "3.23"]
[White "Blanchet, Mathieu"]
[Black "Yu, Tianxiang Carlos"]
[Result "1/2-1/2"]
[WhiteElo "2091"]
[BlackElo "1843"]
[PlyCount "67"]
[EventDate "2025.??.??"]
[TimeControl "90+30"]
[WhiteClock "0:06:36"]
[BlackClock "0:04:18"]

1. d4 {[%emt 0:00:00]} Nf6 {[%emt 0:00:00]} 2. c4 {[%emt 0:00:00]} c5 {[%emt 0:
00:00]} 3. d5 {[%emt 0:00:00]} b5 {[%emt 0:00:00]} 4. Qc2 {[%emt 0:00:00]} b4 {
[%emt 0:00:00]} 5. a3 {[%emt 0:00:00]} a5 {[%emt 0:00:00]} 6. e4 {[%emt 0:00:
00]} d6 {[%emt 0:00:00]} 7. Bd3 {[%emt 0:00:00]} g6 {[%emt 0:00:00]} 8. Nf3 {
[%emt 0:00:00]} Bg7 {[%emt 0:00:00]} 9. O-O {[%emt 0:00:00]} O-O {[%emt 0:00:
00]} 10. h3 {[%emt 0:00:00]} Na6 {[%emt 0:00:00]} 11. Qd1 {[%emt 0:00:00]} e5 {
[%emt 0:00:00]} 12. dxe6 {[%emt 0:00:00]} Bxe6 {[%emt 0:00:00]} 13. Re1 {
[%emt 0:00:00]} Nd7 {[%emt 0:00:00]} 14. Nbd2 {[%emt 0:00:00]} bxa3 {[%emt 0:
00:00]} 15. Rxa3 {[%emt 0:00:00]} Nb4 {[%emt 0:00:00]} 16. Nf1 {[%emt 0:00:00]}
Ne5 {[%emt 0:00:00]} 17. Nxe5 {[%emt 0:00:00]} Bxe5 {[%emt 0:00:00]} 18. Ne3 {
[%emt 0:00:00]} Qf6 {[%emt 0:00:00]} 19. Qe2 {[%emt 0:00:00]} Nc6 {[%emt 0:00:
00]} 20. Nd5 {[%emt 0:00:00]} Bxd5 {[%emt 0:00:00]} 21. cxd5 {[%emt 0:00:00]}
Nd4 {[%emt 0:00:00]} 22. Qf1 {[%emt 0:00:00]} g5 {[%emt 0:00:00]} 23. Be3 {
[%emt 0:00:00]} Rfb8 {[%emt 0:00:00]} 24. Rb1 {[%emt 0:00:00]} Kh8 {[%emt 0:00:
00]} 25. Qe1 {[%emt 0:00:00]} a4 {[%emt 0:00:00]} 26. Bxd4 {[%emt 0:00:00]}
Bxd4 {[%emt 0:00:00]} 27. Bc2 {[%emt 0:00:00]} Rb4 {[%emt 0:00:00]} 28. b3 {
[%emt 0:00:00]} Rab8 {[%emt 0:05:39]} 29. Rxa4 {[%emt 0:00:00]} Bc3 {[%emt 0:
01:32]} 30. Qe2 {[%emt 0:01:18]} Rxa4 {[%emt 0:01:13]} 31. bxa4 {[%emt 0:00:01]
} Rxb1+ {[%emt 0:00:01]} 32. Bxb1 {[%emt 0:00:01]} Qd4 {[%emt 0:01:25]} 33. Qc2
{[%emt 0:05:51]} Kg8 {[%emt 0:03:52]} 34. Qd3 {[%emt 0:04:43]} 1/2-1/2

[Event "Reykjavik Open 2025"]
[Site "Reykjavik, Iceland"]
[Date "2025.04.10"]
[Round "3.27"]
[White "Safarli, Eltaj"]
[Black "Llari, Marc"]
[Result "1-0"]
[WhiteElo "2617"]
[BlackElo "2299"]
[PlyCount "69"]
[EventDate "2025.??.??"]
[TimeControl "90+30"]
[WhiteClock "0:50:36"]
[BlackClock "0:20:43"]

1. e4 {[%emt 0:00:00]} c5 {[%emt 0:00:00]} 2. Nf3 {[%emt 0:00:00]} Nc6 {
[%emt 0:00:00]} 3. Bb5 {[%emt 0:00:00]} g6 {[%emt 0:00:00]} 4. O-O {[%emt 0:00:
00]} Bg7 {[%emt 0:00:00]} 5. d3 {[%emt 0:00:00]} e5 {[%emt 0:00:00]} 6. a3 {
[%emt 0:00:00]} Nge7 {[%emt 0:00:00]} 7. b4 {[%emt 0:00:00]} d6 {[%emt 0:00:00]
} 8. bxc5 {[%emt 0:00:00]} dxc5 {[%emt 0:00:00]} 9. Bg5 {[%emt 0:00:00]} Qc7 {
[%emt 0:00:00]} 10. Nc3 {[%emt 0:00:00]} Be6 {[%emt 0:00:00]} 11. Be3 {[%emt 0:
00:00]} a6 {[%emt 0:00:00]} 12. Bc4 {[%emt 0:00:00]} Nd4 {[%emt 0:00:00]} 13.
Bxe6 {[%emt 0:00:00]} fxe6 {[%emt 0:00:00]} 14. Nd2 {[%emt 0:00:00]} O-O {
[%emt 0:00:00]} 15. Ne2 {[%emt 0:00:00]} Rad8 {[%emt 0:00:00]} 16. a4 {[%emt 0:
00:00]} Nec6 {[%emt 0:00:00]} 17. c3 {[%emt 0:00:00]} Nxe2+ {[%emt 0:00:00]}
18. Qxe2 {[%emt 0:00:00]} Qd6 {[%emt 0:00:00]} 19. Nb3 {[%emt 0:00:00]} b6 {
[%emt 0:00:00]} 20. a5 {[%emt 0:00:00]} Nxa5 {[%emt 0:00:00]} 21. Nxa5 {
[%emt 0:00:00]} bxa5 {[%emt 0:00:00]} 22. Rfd1 {[%emt 0:00:00]} Qc6 {[%emt 0:
00:00]} 23. c4 {[%emt 0:00:00]} a4 {[%emt 0:00:00]} 24. Qc2 {[%emt 0:00:00]}
Rf7 {[%emt 0:00:00]} 25. Qxa4 {[%emt 0:00:00]} Qxa4 {[%emt 0:00:00]} 26. Rxa4 {
[%emt 0:00:00]} Rfd7 {[%emt 0:00:00]} 27. Ra3 {[%emt 0:00:00]} Bf8 {[%emt 0:00:
00]} 28. Kf1 {[%emt 0:00:00]} Kf7 {[%emt 0:00:00]} 29. Ke2 {[%emt 0:00:00]} Ra7
{[%emt 0:00:00]} 30. Rda1 {[%emt 0:00:00]} Rc8 {[%emt 0:00:00]} 31. Rxa6 {
[%emt 0:00:00]} Rxa6 {[%emt 0:00:00]} 32. Rxa6 {[%emt 0:00:00]} Rc7 {[%emt 0:
00:00]} 33. Bd2 {[%emt 0:00:00]} Ke7 {[%emt 0:00:00]} 34. Ba5 {[%emt 0:00:00]}
Rb7 {[%emt 0:00:00]} 35. Bc3 {[%emt 0:00:00]} 1-0

[Event "Reykjavik Open 2025"]
[Site "Reykjavik, Iceland"]
[Date "2025.04.10"]
[Round "3.28"]
[White "Maze, Sebastien"]
[Black "Ronka, Erik"]
[Result "1-0"]
[WhiteElo "2557"]
[BlackElo "2295"]
[PlyCount "121"]
[EventDate "2025.??.??"]
[TimeControl "90+30"]
[WhiteClock "0:08:15"]
[BlackClock "0:01:58"]

1. e4 {[%emt 0:00:00]} e5 {[%emt 0:00:00]} 2. Nf3 {[%emt 0:00:00]} Nc6 {
[%emt 0:00:00]} 3. Bc4 {[%emt 0:00:00]} Nf6 {[%emt 0:00:00]} 4. d3 {[%emt 0:00:
00]} d5 {[%emt 0:00:00]} 5. exd5 {[%emt 0:00:00]} Nxd5 {[%emt 0:00:00]} 6. O-O
{[%emt 0:00:00]} Bc5 {[%emt 0:00:00]} 7. Nbd2 {[%emt 0:00:00]} O-O {[%emt 0:00:
00]} 8. Re1 {[%emt 0:00:00]} f6 {[%emt 0:00:00]} 9. Ne4 {[%emt 0:00:00]} Bb6 {
[%emt 0:00:00]} 10. a4 {[%emt 0:00:00]} a5 {[%emt 0:00:00]} 11. c3 {[%emt 0:00:
00]} Kh8 {[%emt 0:00:00]} 12. Qb3 {[%emt 0:00:00]} Nce7 {[%emt 0:00:00]} 13. h3
{[%emt 0:00:00]} c6 {[%emt 0:00:00]} 14. Qa3 {[%emt 0:00:00]} Bc7 {[%emt 0:00:
00]} 15. d4 {[%emt 0:00:00]} f5 {[%emt 0:00:00]} 16. Bxd5 {[%emt 0:00:00]} cxd5
{[%emt 0:00:00]} 17. Bg5 {[%emt 0:00:00]} Re8 {[%emt 0:00:00]} 18. Nf6 {
[%emt 0:00:00]} gxf6 {[%emt 0:00:00]} 19. Bxf6+ {[%emt 0:00:00]} Kg8 {[%emt 0:
00:00]} 20. dxe5 {[%emt 0:00:00]} Qd7 {[%emt 0:00:00]} 21. c4 {[%emt 0:00:00]}
Ng6 {[%emt 0:00:00]} 22. Rad1 {[%emt 0:00:00]} d4 {[%emt 0:00:00]} 23. h4 {
[%emt 0:00:00]} f4 {[%emt 0:01:20]} 24. h5 {[%emt 0:00:00]} Nf8 {[%emt 0:00:03]
} 25. Nxd4 {[%emt 0:00:00]} Qg4 {[%emt 0:00:26]} 26. Qc5 {[%emt 0:00:52]} Bd8 {
[%emt 0:08:09]} 27. Qd5+ {[%emt 0:05:30]} Be6 {[%emt 0:00:03]} 28. Qxb7 {
[%emt 0:03:24]} Bxf6 {[%emt 0:01:32]} 29. exf6 {[%emt 0:00:02]} Bf7 {[%emt 0:
01:16]} 30. Nf3 {[%emt 0:03:00]} Qxh5 {[%emt 0:01:12]} 31. Re7 {[%emt 0:01:14]}
Rab8 {[%emt 0:01:52]} 32. Qc7 {[%emt 0:01:01]} Rbc8 {[%emt 0:00:08]} 33. Qxf4 {
[%emt 0:00:35]} Ng6 {[%emt 0:01:18]} 34. Qg3 {[%emt 0:00:49]} Kf8 {[%emt 0:00:
36]} 35. Rdd7 {[%emt 0:01:56]} Rxe7 {[%emt 0:00:23]} 36. fxe7+ {[%emt 0:00:08]}
Nxe7 {[%emt 0:00:33]} 37. Qd6 {[%emt 0:00:22]} Qc5 {[%emt 0:00:29]} 38. Qf6 {
[%emt 0:00:38]} Ke8 {[%emt 0:00:33]} 39. Rb7 {[%emt 0:00:45]} Rd8 {[%emt 0:00:
33]} 40. Ne5 {[%emt 0:00:37]} Bg8 {[%emt 0:00:32]} 41. Qg7 {[%emt 0:00:00]} Be6
{[%emt 0:00:00]} 42. b3 {[%emt 0:00:00]} Ng6 {[%emt 0:00:00]} 43. Rb5 {[%emt 0:
00:00]} Qd4 {[%emt 0:00:00]} 44. Qf6 {[%emt 0:00:00]} Qd1+ {[%emt 0:00:00]} 45.
Kh2 {[%emt 0:00:00]} Qh5+ {[%emt 0:00:00]} 46. Kg3 {[%emt 0:00:00]} Qf5 {
[%emt 0:00:00]} 47. Qxf5 {[%emt 0:00:00]} Bxf5 {[%emt 0:00:00]} 48. Rxa5 {
[%emt 0:00:00]} Bc2 {[%emt 0:01:23]} 49. b4 {[%emt 0:00:00]} Nxe5 {[%emt 0:01:
09]} 50. Rxe5+ {[%emt 0:00:00]} Kf7 {[%emt 0:00:05]} 51. a5 {[%emt 0:00:00]}
Bd3 {[%emt 0:01:11]} 52. Rc5 {[%emt 0:00:00]} Ke6 {[%emt 0:01:04]} 53. a6 {
[%emt 0:00:00]} Be4 {[%emt 0:00:32]} 54. f3 {[%emt 0:00:08]} Ba8 {[%emt 0:00:
29]} 55. b5 {[%emt 0:00:55]} Kd6 {[%emt 0:00:09]} 56. Rh5 {[%emt 0:00:04]} Rg8+
{[%emt 0:01:04]} 57. Kf2 {[%emt 0:00:29]} Rc8 {[%emt 0:00:34]} 58. b6 {[%emt 0:
00:10]} Bc6 {[%emt 0:00:04]} 59. c5+ {[%emt 0:00:13]} Ke6 {[%emt 0:00:39]} 60.
Rxh7 {[%emt 0:00:20]} Bd5 {[%emt 0:00:11]} 61. b7 {[%emt 0:00:33]} 1-0

[Event "Reykjavik Open 2025"]
[Site "Reykjavik, Iceland"]
[Date "2025.04.10"]
[Round "3.29"]
[White "Friedel, Joshua"]
[Black "Xu, Yuanyuan"]
[Result "1-0"]
[WhiteElo "2552"]
[BlackElo "2288"]
[PlyCount "71"]
[EventDate "2025.??.??"]
[TimeControl "90+30"]
[WhiteClock "0:16:42"]
[BlackClock "0:01:20"]

1. Nf3 {[%emt 0:00:00]} Nf6 {[%emt 0:00:00]} 2. g3 {[%emt 0:00:00]} d5 {
[%emt 0:00:00]} 3. Bg2 {[%emt 0:00:00]} g6 {[%emt 0:00:00]} 4. c4 {[%emt 0:00:
00]} d4 {[%emt 0:00:00]} 5. b4 {[%emt 0:00:00]} c5 {[%emt 0:00:00]} 6. Bb2 {
[%emt 0:00:00]} Bg7 {[%emt 0:00:00]} 7. O-O {[%emt 0:00:00]} O-O {[%emt 0:00:
00]} 8. d3 {[%emt 0:00:00]} Nc6 {[%emt 0:00:00]} 9. b5 {[%emt 0:00:00]} Nb8 {
[%emt 0:00:00]} 10. e3 {[%emt 0:00:00]} dxe3 {[%emt 0:00:00]} 11. fxe3 {
[%emt 0:00:00]} a6 {[%emt 0:00:00]} 12. a4 {[%emt 0:00:00]} Ng4 {[%emt 0:00:00]
} 13. Bxg7 {[%emt 0:00:00]} Kxg7 {[%emt 0:00:00]} 14. Qe2 {[%emt 0:00:00]} axb5
{[%emt 0:00:00]} 15. cxb5 {[%emt 0:00:00]} Nd7 {[%emt 0:00:00]} 16. Nc3 {
[%emt 0:00:00]} Nde5 {[%emt 0:00:00]} 17. Nxe5 {[%emt 0:00:00]} Nxe5 {[%emt 0:
00:00]} 18. Nd5 {[%emt 0:00:00]} Bf5 {[%emt 0:00:00]} 19. Qb2 {[%emt 0:00:00]}
f6 {[%emt 0:00:00]} 20. d4 {[%emt 0:00:00]} cxd4 {[%emt 0:00:00]} 21. exd4 {
[%emt 0:00:00]} Nd3 {[%emt 0:00:00]} 22. Qe2 {[%emt 0:00:00]} Nb4 {[%emt 0:00:
00]} 23. Qxe7+ {[%emt 0:00:00]} Qxe7 {[%emt 0:00:00]} 24. Nxe7 {[%emt 0:00:00]}
Bd3 {[%emt 0:00:00]} 25. Rfd1 {[%emt 0:00:00]} Nc2 {[%emt 0:00:00]} 26. Rac1 {
[%emt 0:00:00]} Nxd4 {[%emt 0:00:00]} 27. Rc7 {[%emt 0:00:00]} Ne6 {[%emt 0:06:
36]} 28. Rxb7 {[%emt 0:00:00]} Rxa4 {[%emt 0:00:56]} 29. Rxd3 {[%emt 0:00:00]}
Nc5 {[%emt 0:00:46]} 30. Nf5+ {[%emt 0:00:02]} Kg8 {[%emt 0:05:05]} 31. Rg7+ {
[%emt 0:01:18]} Kh8 {[%emt 0:00:04]} 32. Rf7 {[%emt 0:00:06]} Ra1+ {[%emt 0:01:
24]} 33. Bf1 {[%emt 0:00:04]} Rc8 {[%emt 0:00:15]} 34. Rc7 {[%emt 0:00:43]}
Raa8 {[%emt 0:02:32]} 35. Rxc8+ {[%emt 0:00:17]} Rxc8 {[%emt 0:00:02]} 36. Nd6
{[%emt 0:00:18]} 1-0

[Event "Reykjavik Open 2025"]
[Site "Reykjavik, Iceland"]
[Date "2025.04.10"]
[Round "3.33"]
[White "Petersen, Marcel"]
[Black "Kilic, Eray"]
[Result "0-1"]
[WhiteElo "2185"]
[BlackElo "2473"]
[PlyCount "84"]
[EventDate "2025.??.??"]
[TimeControl "90+30"]
[WhiteClock "0:09:35"]
[BlackClock "0:32:49"]

1. e4 {[%emt 0:00:00]} c5 {[%emt 0:00:00]} 2. Nf3 {[%emt 0:00:00]} d6 {[%emt 0:
00:00]} 3. Bb5+ {[%emt 0:00:00]} Nd7 {[%emt 0:00:00]} 4. O-O {[%emt 0:00:00]}
a6 {[%emt 0:00:00]} 5. Bxd7+ {[%emt 0:00:00]} Bxd7 {[%emt 0:00:00]} 6. c3 {
[%emt 0:00:00]} Nf6 {[%emt 0:00:00]} 7. Re1 {[%emt 0:00:00]} Bc6 {[%emt 0:00:
00]} 8. d4 {[%emt 0:00:00]} Bxe4 {[%emt 0:00:00]} 9. Bg5 {[%emt 0:00:00]} Bc6 {
[%emt 0:00:00]} 10. Bxf6 {[%emt 0:00:00]} gxf6 {[%emt 0:00:00]} 11. d5 {
[%emt 0:00:00]} Bd7 {[%emt 0:00:00]} 12. Nbd2 {[%emt 0:00:00]} e5 {[%emt 0:00:
00]} 13. dxe6 {[%emt 0:00:00]} Bxe6 {[%emt 0:00:00]} 14. Nc4 {[%emt 0:00:00]}
d5 {[%emt 0:00:00]} 15. Ne3 {[%emt 0:00:00]} Qd6 {[%emt 0:00:00]} 16. Qa4+ {
[%emt 0:00:00]} Qc6 {[%emt 0:00:00]} 17. Qf4 {[%emt 0:00:00]} O-O-O {[%emt 0:
00:00]} 18. Qxf6 {[%emt 0:00:00]} Rg8 {[%emt 0:00:00]} 19. Ne5 {[%emt 0:00:00]}
Qc7 {[%emt 0:00:00]} 20. Nf5 {[%emt 0:00:00]} Kb8 {[%emt 0:00:00]} 21. b4 {
[%emt 0:00:00]} cxb4 {[%emt 0:00:00]} 22. cxb4 {[%emt 0:00:00]} Rc8 {[%emt 0:
00:00]} 23. a3 {[%emt 0:00:00]} Ka8 {[%emt 0:00:00]} 24. g3 {[%emt 0:00:00]}
Re8 {[%emt 0:00:00]} 25. Rac1 {[%emt 0:00:00]} Qb8 {[%emt 0:00:00]} 26. h4 {
[%emt 0:00:00]} Bd6 {[%emt 0:00:00]} 27. Nxd6 {[%emt 0:00:00]} Qxd6 {[%emt 0:
00:00]} 28. Rc3 {[%emt 0:00:00]} d4 {[%emt 0:00:00]} 29. Rd3 {[%emt 0:00:00]}
Qc7 {[%emt 0:00:00]} 30. Red1 {[%emt 0:00:00]} Bc8 {[%emt 0:00:00]} 31. Nxf7 {
[%emt 0:01:18]} Ref8 {[%emt 0:00:00]} 32. Qxd4 {[%emt 0:02:20]} Qxf7 {[%emt 0:
00:00]} 33. b5 {[%emt 0:00:39]} axb5 {[%emt 0:00:00]} 34. a4 {[%emt 0:01:20]}
Rg4 {[%emt 0:00:00]} 35. Qc5 {[%emt 0:00:27]} Rc4 {[%emt 0:00:00]} 36. Qxb5 {
[%emt 0:03:29]} Qxf2+ {[%emt 0:00:00]} 37. Kh1 {[%emt 0:00:05]} Re4 {[%emt 0:
00:00]} 38. Qa5+ {[%emt 0:01:20]} Kb8 {[%emt 0:00:00]} 39. Rc1 {[%emt 0:01:13]}
Rxh4+ {[%emt 0:00:00]} 40. gxh4 {[%emt 0:00:27]} Qxh4+ {[%emt 0:00:00]} 41. Kg2
{[%emt 0:00:10]} Rf2+ {[%emt 0:00:00]} 42. Kg1 {[%emt 0:00:07]} Qh2# {[%emt 0:
00:00]} 0-1

[Event "Reykjavik Open 2025"]
[Site "Reykjavik, Iceland"]
[Date "2025.04.10"]
[Round "3.36"]
[White "Sokolovsky, Yahli"]
[Black "Sriansh Das"]
[Result "1-0"]
[WhiteElo "2546"]
[BlackElo "2278"]
[PlyCount "143"]
[EventDate "2025.??.??"]
[TimeControl "90+30"]
[WhiteClock "0:25:12"]
[BlackClock "0:27:06"]

1. e4 {[%emt 0:00:00]} e5 {[%emt 0:00:00]} 2. Nf3 {[%emt 0:00:00]} Nc6 {
[%emt 0:00:00]} 3. Bb5 {[%emt 0:00:00]} a6 {[%emt 0:00:00]} 4. Ba4 {[%emt 0:00:
00]} Nf6 {[%emt 0:00:00]} 5. O-O {[%emt 0:00:00]} Be7 {[%emt 0:00:00]} 6. Re1 {
[%emt 0:00:00]} b5 {[%emt 0:00:00]} 7. Bb3 {[%emt 0:00:00]} d6 {[%emt 0:00:00]}
8. c3 {[%emt 0:00:00]} O-O {[%emt 0:00:00]} 9. h3 {[%emt 0:00:00]} Nb8 {
[%emt 0:00:00]} 10. d4 {[%emt 0:00:00]} Nbd7 {[%emt 0:00:00]} 11. Nbd2 {
[%emt 0:00:00]} Bb7 {[%emt 0:00:00]} 12. Bc2 {[%emt 0:00:00]} Re8 {[%emt 0:00:
00]} 13. Nf1 {[%emt 0:00:00]} Bf8 {[%emt 0:00:00]} 14. Ng3 {[%emt 0:00:00]} g6
{[%emt 0:00:00]} 15. a4 {[%emt 0:00:00]} Bg7 {[%emt 0:00:00]} 16. Bd3 {[%emt 0:
00:00]} c6 {[%emt 0:00:00]} 17. Bg5 {[%emt 0:00:00]} h6 {[%emt 0:00:00]} 18.
Be3 {[%emt 0:00:00]} Qc7 {[%emt 0:00:00]} 19. dxe5 {[%emt 0:00:00]} dxe5 {
[%emt 0:00:00]} 20. b4 {[%emt 0:00:00]} Rad8 {[%emt 0:00:00]} 21. Qe2 {[%emt 0:
00:00]} Bf8 {[%emt 0:00:00]} 22. Reb1 {[%emt 0:00:00]} Nb6 {[%emt 0:00:00]} 23.
a5 {[%emt 0:00:00]} Nc8 {[%emt 0:00:00]} 24. c4 {[%emt 0:00:00]} Qd6 {[%emt 0:
00:00]} 25. Ra3 {[%emt 0:00:00]} Qe6 {[%emt 0:00:00]} 26. c5 {[%emt 0:00:00]}
Na7 {[%emt 0:00:00]} 27. Bc1 {[%emt 0:00:00]} Bg7 {[%emt 0:00:00]} 28. Bb2 {
[%emt 0:00:00]} Nh7 {[%emt 0:00:00]} 29. Rd1 {[%emt 0:00:00]} Bc8 {[%emt 0:00:
00]} 30. Bc2 {[%emt 0:00:00]} Rxd1+ {[%emt 0:00:00]} 31. Qxd1 {[%emt 0:00:00]}
Nf8 {[%emt 0:00:00]} 32. Rd3 {[%emt 0:00:00]} Qe7 {[%emt 0:00:00]} 33. Qa1 {
[%emt 0:00:00]} Bd7 {[%emt 0:00:00]} 34. Nh2 {[%emt 0:00:00]} Nc8 {[%emt 0:00:
00]} 35. f4 {[%emt 0:00:00]} Qh4 {[%emt 0:00:00]} 36. Ne2 {[%emt 0:06:58]} Qe7
{[%emt 0:10:18]} 37. Rf3 {[%emt 0:00:19]} Ne6 {[%emt 0:05:42]} 38. Rf2 {
[%emt 0:09:18]} Nf8 {[%emt 0:03:54]} 39. f5 {[%emt 0:00:58]} Nh7 {[%emt 0:00:
33]} 40. Bb3 {[%emt 0:01:26]} gxf5 {[%emt 0:00:14]} 41. exf5 {[%emt 0:00:15]}
Kf8 {[%emt 0:00:46]} 42. Ng4 {[%emt 0:01:30]} f6 {[%emt 0:00:24]} 43. Ng3 {
[%emt 0:00:43]} Rd8 {[%emt 0:00:35]} 44. Qc1 {[%emt 0:01:18]} Be8 {[%emt 0:00:
19]} 45. Nxh6 {[%emt 0:00:39]} Rd3 {[%emt 0:00:21]} 46. Rf3 {[%emt 0:00:34]}
Rxf3 {[%emt 0:00:19]} 47. gxf3 {[%emt 0:00:01]} Ng5 {[%emt 0:00:09]} 48. Ng4 {
[%emt 0:00:02]} Nxh3+ {[%emt 0:00:22]} 49. Kh2 {[%emt 0:00:50]} Nf4 {[%emt 0:
00:26]} 50. Qc2 {[%emt 0:01:03]} Bh8 {[%emt 0:01:10]} 51. Bc1 {[%emt 0:00:19]}
Qh7+ {[%emt 0:00:35]} 52. Kg1 {[%emt 0:00:01]} Qh3 {[%emt 0:00:20]} 53. Qh2 {
[%emt 0:01:13]} Qxg3+ {[%emt 0:00:50]} 54. Qxg3 {[%emt 0:00:01]} Ne2+ {[%emt 0:
00:01]} 55. Kg2 {[%emt 0:00:04]} Nxg3 {[%emt 0:00:07]} 56. Kxg3 {[%emt 0:00:06]
} Bd7 {[%emt 0:00:46]} 57. Bh6+ {[%emt 0:01:08]} Bg7 {[%emt 0:01:18]} 58. Nxf6
{[%emt 0:00:35]} Bxf5 {[%emt 0:00:28]} 59. Bxg7+ {[%emt 0:00:12]} Kxg7 {
[%emt 0:00:05]} 60. Ng4 {[%emt 0:01:23]} Bxg4 {[%emt 0:00:41]} 61. fxg4 {
[%emt 0:00:08]} Kf6 {[%emt 0:00:36]} 62. Bc2 {[%emt 0:00:52]} Ne7 {[%emt 0:00:
39]} 63. Be4 {[%emt 0:00:22]} Kg5 {[%emt 0:00:09]} 64. Bh1 {[%emt 0:00:22]} Kf6
{[%emt 0:00:17]} 65. Kh4 {[%emt 0:00:22]} e4 {[%emt 0:01:05]} 66. Bxe4 {
[%emt 0:00:22]} Ke5 {[%emt 0:00:05]} 67. Bg2 {[%emt 0:00:33]} Kf4 {[%emt 0:00:
00]} 68. Kh5 {[%emt 0:00:00]} Ke5 {[%emt 0:00:00]} 69. Kg5 {[%emt 0:00:00]} Ke6
{[%emt 0:00:00]} 70. Kf4 {[%emt 0:00:00]} Kf6 {[%emt 0:00:00]} 71. Be4 {
[%emt 0:00:00]} Ke6 {[%emt 0:00:00]} 72. g5 {[%emt 0:00:00]} 1-0

[Event "Reykjavik Open 2025"]
[Site "Reykjavik, Iceland"]
[Date "2025.04.10"]
[Round "3.37"]
[White "Kadric, Denis"]
[Black "Khaledi, Omid"]
[Result "1/2-1/2"]
[WhiteElo "2533"]
[BlackElo "2228"]
[PlyCount "89"]
[EventDate "2025.??.??"]
[TimeControl "90+30"]
[WhiteClock "0:43:53"]
[BlackClock "0:28:06"]

1. e4 {[%emt 0:00:00]} c5 {[%emt 0:00:00]} 2. Be2 {[%emt 0:00:00]} Nc6 {
[%emt 0:00:00]} 3. f4 {[%emt 0:00:00]} d6 {[%emt 0:00:00]} 4. Nf3 {[%emt 0:00:
00]} g6 {[%emt 0:00:00]} 5. O-O {[%emt 0:00:00]} Bg7 {[%emt 0:00:00]} 6. d3 {
[%emt 0:00:00]} e6 {[%emt 0:00:00]} 7. c3 {[%emt 0:00:00]} Nge7 {[%emt 0:00:00]
} 8. Na3 {[%emt 0:00:00]} a6 {[%emt 0:00:00]} 9. d4 {[%emt 0:00:00]} cxd4 {
[%emt 0:00:00]} 10. cxd4 {[%emt 0:00:00]} b5 {[%emt 0:00:00]} 11. Nc2 {[%emt 0:
00:00]} Bb7 {[%emt 0:00:00]} 12. Bd3 {[%emt 0:00:00]} Qd7 {[%emt 0:00:00]} 13.
Qe2 {[%emt 0:00:00]} O-O {[%emt 0:00:00]} 14. Bd2 {[%emt 0:00:00]} f5 {[%emt 0:
00:00]} 15. e5 {[%emt 0:00:00]} dxe5 {[%emt 0:00:00]} 16. fxe5 {[%emt 0:00:00]}
Nd5 {[%emt 0:00:00]} 17. Rad1 {[%emt 0:00:00]} Nce7 {[%emt 0:00:00]} 18. Na1 {
[%emt 0:00:00]} Nb6 {[%emt 0:00:00]} 19. Nb3 {[%emt 0:00:00]} Bd5 {[%emt 0:00:
00]} 20. Nc5 {[%emt 0:00:00]} Bxf3 {[%emt 0:00:00]} 21. Qf2 {[%emt 0:00:00]}
Qd5 {[%emt 0:00:00]} 22. gxf3 {[%emt 0:00:00]} Nc6 {[%emt 0:00:00]} 23. f4 {
[%emt 0:00:00]} Rfe8 {[%emt 0:00:00]} 24. b3 {[%emt 0:00:00]} Bf8 {[%emt 0:00:
00]} 25. Be3 {[%emt 0:00:00]} Nb4 {[%emt 0:00:00]} 26. Be2 {[%emt 0:00:00]} Qd8
{[%emt 0:00:00]} 27. Bf3 {[%emt 0:00:00]} N4d5 {[%emt 0:00:00]} 28. Bd2 {
[%emt 0:00:00]} Ra7 {[%emt 0:00:00]} 29. Ba5 {[%emt 0:00:00]} Nxf4 {[%emt 0:09:
52]} 30. Qg3 {[%emt 0:00:00]} g5 {[%emt 0:00:16]} 31. Kh1 {[%emt 0:00:00]} Rg7
{[%emt 0:00:08]} 32. Nb7 {[%emt 0:00:00]} Qb8 {[%emt 0:00:19]} 33. Bxb6 {
[%emt 0:00:00]} Rxb7 {[%emt 0:00:14]} 34. Qxg5+ {[%emt 0:00:00]} Ng6 {[%emt 0:
02:04]} 35. Ba5 {[%emt 0:00:00]} Rg7 {[%emt 0:00:03]} 36. Qh5 {[%emt 0:00:00]}
Nf4 {[%emt 0:01:48]} 37. Qh4 {[%emt 0:00:00]} Ng6 {[%emt 0:00:03]} 38. Qf2 {
[%emt 0:00:00]} b4 {[%emt 0:00:21]} 39. Be2 {[%emt 0:00:00]} Kh8 {[%emt 0:01:
17]} 40. Rg1 {[%emt 0:00:00]} Rc8 {[%emt 0:02:17]} 41. Bc4 {[%emt 0:00:00]}
Qb7+ {[%emt 0:01:52]} 42. Qg2 {[%emt 0:00:00]} Qe7 {[%emt 0:00:00]} 43. Qf2 {
[%emt 0:00:00]} Qb7+ {[%emt 0:00:00]} 44. Qg2 {[%emt 0:00:00]} Qe7 {[%emt 0:00:
00]} 45. Qf2 {[%emt 0:00:00]} 1/2-1/2